Rokovala Komisia vzdelávania a sociálnej politiky ZPD SR

Bibliographic Details
Main Author: Manda, František (Author)
Format: Article
Language:Slovak
Subjects:

MARC

LEADER 00000nab a2200000 a 4500
001 vtls000639500
003 SK-MaSNL
005 20260302184457.0
008 160401c1997 xo 0 slo
015 |a SNBRB19rr/mm-uuuuu 
035 |a CL0639639 
040 |a SNKBUCL  |b slo  |c SNKBUCL  |e AACR2 
041 0 |a slo 
044 |a xo  |c SK 
080 |a 631.115.6:061.25(437.6):331.83/.86  |2 1981 
080 |a 331.83/.86  |2 1981 
080 |a 334.4:631:061.25(437.6)  |2 1981 
100 1 |a Manda, František  |4 aut  |9 557717 
245 1 0 |a Rokovala Komisia vzdelávania a sociálnej politiky ZPD SR  |c František Manda 
650 0 7 |a Zväz poľnohospodárskych družstiev Slovenskej republiky  |2 snkbucl  |9 898345 
655 7 |a články z novín a časopisov  |2 snkbucl  |9 267496 
773 0 |t Roľnícke noviny  |g Č. 250 (30. 10. 1997) 
773 0 |t [Príl.] Informačný spravodajca ZPD SR  |g S. 3 
850 |a Slovenská národná knižnica v Martine  |a MTA001 
852 |a SNK  |b KIS3GCP 
958 |a RK 
958 |a RBX 
999 |c 1425607  |d 1427537